000 01301nam a2200349Ia 4500
001 Z_6911
003 CHAP
005 20230213190600.0
008 220113s2015 xx 000 0 und d
010 _a170183
040 _cCHAP
090 _aTesis F474 2523
100 _aFernández López, Miguel Angel
_9130847
245 _aHábitos alimenticios de la codorniz moctezuma (Cyrtonyx montezumae) en la época invernal en Tlaxco, Tlaxcala, México /
_cFernández López, Miguel Angel
260 _aMéxico :
_bEl autor,
_c2015
300 _aCD
502 _aTesis (Ingeniero Agrónomo Especialista en Zootecnia) -- UACh, 2015 \ Director: Elvia López Pérez; asesoría: Victor Manuel Valdés Narváez y Florentino Chilopa Morales
650 _aAves Silvestres
_9145628
650 _aCodorniz moctezuma
_9146321
650 _aComposición botánica
_9127485
650 _aConservación
_9144506
650 _aNutrición
_982246
700 _a Chilopa Morales, Florentino, asesor
_9146322
700 _a Valdés Narváez, Victor Manuel, asesor
_9146323
700 _aLópez Pérez, Elvia, director
_9144494
856 4 2 _uhttp://10.13.5.2/tesis/sist112515.pdf
_yDescargar PDF
901 _aTESIS F474 2523
902 _aM
910 _a2015
942 _c2
_2ddc
942 _c2
_2ddc
999 _c170183
_d170183